• 首页
  • 本馆介绍
  • 公告通知
  • 最新文献
  • 馆藏检索
  • 电子资源
  • 读者导购
  • 参考咨询
  • 我的图书馆
  • 登录
  • 详细信息显示
  • 放入我的书架
  • 预约/预借图书
  • 作者相关作品
  • 分类相关作品
  • 丛书相关作品
  • 出版社相关作品

书目信息

  • 表格格式
  • 工作单格式
  • 卡片格式
题名:
中国资本主义经济改造问题
    
 
作者: 吴江 著
分册:  
出版信息: 北京   人民出版社  1958.04
页数: 348页
开本: 21cm
丛书名:
单 册:
中图分类: F121.1
科图分类:
主题词: 经济--中国
电子资源:
ISBN:
000 00542nam0 2200193 45
001 0311251674
005 20060731164311.21
010    @dCNY1.15
091    @a3001.541
100    @a20031125d1958 km y0chiy0120 ea
101 0  @achi
200 1  @a中国资本主义经济改造问题@Azhong guo zi ben zhu yi jing ji gai zao wen ti@f吴江著@FWu Jiang Zhu
210    @a北京@c人民出版社@d1958.04
215    @a348页@d21cm
606 0  @a经济@x中国
690    @aF121.1@v3
701  0 @a吴江@4著
801    @aCN@bTSTC@c20060731
905    @dF121.1@e21@f1@b87077@b87074@f1
    
    中国资本主义经济改造问题/吴江著.-北京:人民出版社,1958.04
    348页;21cm
    
    
    ISBN :CNY1.15
    
●
相关链接 在E读中查询图书 在五车中查询图书 在当当中查询图书 在豆瓣中查询图书


正题名:中国资本主义经济改造问题     索取号:F121.1/21         预约/预借

序号 登录号 条形码 馆藏地/架位号 状态 备注
1 0087074   000198075   第一样本阅览室/ [索取号:F121.1/21] 在馆    
2 0087075   001523015   密集书库/ [索取号:F121.1/21] 在馆    
3 0087076   001523024   密集书库/ [索取号:F121.1/21] 在馆    
4 0087077   000198119   密集书库/ [索取号:F121.1/21] 在馆    
5 0087078   001522980   密集书库/ [索取号:F121.1/21] 在馆    
6 0441004   204410048   密集书库/ [索取号:F121.1/21] 在馆    
7 0441005   204410057   密集书库/ [索取号:F121.1/21] 在馆    
8 0441006   204410066   密集书库/ [索取号:F121.1/21] 在馆    
唐山师范学院图书馆 欢迎您!
大连网信软件有限公司© 版权所有